| 000 | 00493nam a2200145 4500 | ||
|---|---|---|---|
| 999 |
_c14624 _d14624 |
||
| 008 | 191019b ||||| |||| 00| 0 eng d | ||
| 022 | _a03080587 | ||
| 082 | _aDPer 420.5 M72 Apr-Oct 2011 v. 20, n. 2-4 | ||
| 100 |
_940456 _aLanir, Lesley. |
||
| 245 |
_aReading, how frustrating can it be?/ _cLesley Lanir. |
||
| 260 |
_aChichester, West Sussex: _bPavilion Publishing, _c©2011. |
||
| 300 |
_av20, n2 pages 62-68: _bcolor illustrations; _c30 cm. |
||
| 650 |
_aReading. _940630 |
||
| 942 |
_2ddc _cPER |
||